International Court of Justice / (Record no. 5915)

MARC details
000 -LEADER
fixed length control field 01454cam a2200349Ma 4500
001 - CONTROL NUMBER
control field on1058870675
003 - CONTROL NUMBER IDENTIFIER
control field OCoLC
005 - DATE AND TIME OF LATEST TRANSACTION
control field 20200907224915.0
006 - FIXED-LENGTH DATA ELEMENTS--ADDITIONAL MATERIAL CHARACTERISTICS--GENERAL INFORMATION
fixed length control field m o d
007 - PHYSICAL DESCRIPTION FIXED FIELD--GENERAL INFORMATION
fixed length control field cr mn|||||||||
008 - FIXED-LENGTH DATA ELEMENTS--GENERAL INFORMATION
fixed length control field 061017s2004 ne ob i001 0 eng d
035 ## - SYSTEM CONTROL NUMBER
System control number (OCoLC)1058870675
040 ## - CATALOGING SOURCE
Original cataloging agency AU@
Language of cataloging eng
Transcribing agency TZ-ArACH
043 ## - GEOGRAPHIC AREA CODE
Geographic area code u-at-qn
049 ## - LOCAL HOLDINGS (OCLC)
Holding library TZAA
050 ## - LIBRARY OF CONGRESS CALL NUMBER
Classification number KZ6275
Item number .I57 2004
110 2# - MAIN ENTRY--CORPORATE NAME
Corporate name or jurisdiction name as entry element International Court of Justice.
Subordinate unit Registry.
245 14 - TITLE STATEMENT
Title International Court of Justice /
Statement of responsibility, etc [Registry].
250 ## - EDITION STATEMENT
Edition statement 5th ed.
260 ## - PUBLICATION, DISTRIBUTION, ETC. (IMPRINT)
Place of publication, distribution, etc The Hague :
Name of publisher, distributor, etc ICJ,
Date of publication, distribution, etc 2004.
300 ## - PHYSICAL DESCRIPTION
Extent 248 p.
Other physical details Color Illustrations
504 ## - BIBLIOGRAPHY, ETC. NOTE
Bibliography, etc Includes bibliographical references and index.<br/>
520 ## - SUMMARY, ETC.
Summary, etc The International Court of Justice, which sits at The Hague in the Netherlands, acts as a world court. It decides in accordance with international law disputes of a legal nature submitted to it by States, whilst in addition certain international organs and agencies are entitled to call upon it for advisory opinions. It was set up in 1945 under the Charter of the United Nations.
610 20 - SUBJECT ADDED ENTRY--CORPORATE NAME
Corporate name or jurisdiction name as entry element International Court of Justice.
610 27 - SUBJECT ADDED ENTRY--CORPORATE NAME
Corporate name or jurisdiction name as entry element International Court of Justice.
Source of heading or term fast
650 #0 - SUBJECT ADDED ENTRY--TOPICAL TERM
Topical term or geographic name as entry element International courts.
650 #0 - SUBJECT ADDED ENTRY--TOPICAL TERM
Topical term or geographic name as entry element International law.
650 #7 - SUBJECT ADDED ENTRY--TOPICAL TERM
Topical term or geographic name as entry element International courts.
Source of heading or term fast
650 #7 - SUBJECT ADDED ENTRY--TOPICAL TERM
Topical term or geographic name as entry element International law.
Source of heading or term fast
856 40 - ELECTRONIC LOCATION AND ACCESS
Public note Connect to web resource
Uniform Resource Identifier <a href="http://www.icj-cij.org/homepage/index.php?lang=en">http://www.icj-cij.org/homepage/index.php?lang=en</a>
942 ## - ADDED ENTRY ELEMENTS (KOHA)
Source of classification or shelving scheme Library of Congress Classification
Koha item type Books
Holdings
Home library Current library Date acquired Full call number Barcode Koha item type Public note
African Court on Human and Peoples' Rights Library African Court on Human and Peoples' Rights Library 07/09/2020 KZ6275 .I57 2004 10202307 Books Donation by the International Law Book Foundation (ILBF)

African Court on Human and Peoples' Rights | For Inquiries Contact » +255 272 510 510